00322nam a2200133Ia 4500003000400000008004100004040001600045082002700061245002000088260002800108490000500136650001900141650002800160GCL140319s9999 xx 000 0 ara d aGCL / cGCL04aكاسيتb214bش ر10aرقص شرقى a[S.N] : bلا يوجد a04aالاغانى04aشرائط كاسيت